[Event "Buryatia-ch 3rd"]
[Site "Ulan-Ude"]
[Date "2015.01.05"]
[Round "1"]
[White "Baljiev, Chingiz"]
[Black "Irinchinov, Vladimir"]
[Result "1-0"]
[WhiteElo "2273"]
[BlackElo "1993"]
[PlyCount "87"]
[EventDate "2015.01.05"]
[EventType "swiss"]
[EventRounds "9"]
[EventCountry "RUS"]
[SourceTitle "CBM 164 Extra"]
[Source "ChessBase"]
[SourceDate "2015.03.02"]
[SourceVersion "1"]
[SourceVersionDate "2015.03.02"]
[SourceQuality "1"]

1. Nf3 d5 2. g3 c5 3. Bg2 Nc6 4. d4 e6 5. 0-0 Nf6 6. c4 dxc4 7. Ne5 Nd5 8. Nxc6 bxc6 9. Na3 Ba6 10. Qa4 Qc8 11. dxc5 Bxc5 12. Nxc4 0-0 13. Qc2 Nb4 14. Qb3 Nd5 15. Qc2 Nb4 16. Qb3 Nd5 17. a3 Bb5 18. Qc2 Qa6 19. Ne5 Bd6 20. Nd3 Rac8 21. Bd2 c5 22. Rfc1 Bxd3 23. Qxd3 c4 24. Qe4 Rc7 25. Rc2 Rfc8 26. Rac1 Nf6 27. Qh4 Be5 28. Bf4 Bxf4 29. Qxf4 Qb5 30. Qd4 e5 31. Qe3 a5 32. b3 h6 33. Bh3 cxb3 34. Rxc7 Rxc7 35. Rxc7 b2 36. Rc8+ Ne8 37. Rxe8+ Qxe8 38. Qb3 Qd8 39. Qxb2 Qd1+ 40. Bf1 Qd5 41. e3 e4 42. Qb5 Qd8 43. Qf5 Qd6 44. Qxa5 1-0

[Event "Buryatia-ch Superfinal 2nd"]
[Site "Ulan-Ude"]
[Date "2014.01.10"]
[Round "8"]
[White "Batchimeg, Tuvshintugs"]
[Black "Baljiev, Chingiz"]
[Result "1/2-1/2"]
[WhiteElo "2357"]
[BlackElo "2274"]
[PlyCount "160"]
[EventDate "2014.01.05"]
[EventType "swiss"]
[EventRounds "9"]
[EventCountry "RUS"]
[SourceTitle "EXT 2015"]
[Source "ChessBase"]
[SourceDate "2014.11.20"]
[SourceVersion "1"]
[SourceVersionDate "2014.11.20"]
[SourceQuality "1"]

1. d4 Nf6 2. c4 g6 3. Nc3 Bg7 4. e4 d6 5. Nf3 0-0 6. h3 e5 7. d5 Nh5 8. g3 a5 9. Be2 Na6 10. Nh2 Nf6 11. Ng4 Nc5 12. Nh6+ Kh8 13. Bg5 Qe8 14. Qc2 Ng8 15. Nxg8 Kxg8 16. g4 f5 17. Be3 Na6 18. f3 f4 19. Bf2 Bf6 20. h4 h6 21. g5 hxg5 22. hxg5 Bxg5 23. 0-0-0 Kg7 24. c5 Be7 25. Bxa6 Rxa6 26. cxd6 Bxd6 27. Bh4 Rh8 28. Bg5 Bd7 29. Qg2 Ra8 30. Rxh8 Qxh8 31. Rh1 Qg8 32. Rh6 Re8 33. Bxf4 Kf7 34. Be3 Rf8 35. Qg5 Qg7 36. Ne2 Qf6 37. Qg3 Ke8 38. Ng1 Rg8 39. Bg5 Qf7 40. Qh2 a4 41. Rh7 Rg7 42. Rh8+ Rg8 43. Rxg8+ Qxg8 44. Bf6 Qf8 45. Bxe5 a3 46. Bxd6 cxd6 47. bxa3 Qf6 48. Ne2 Bb5 49. e5 dxe5 50. Nc3 Bd3 51. Qg3 Kd8 52. Kd2 Bc4 53. Qg4 Qf4+ 54. Qxf4 exf4 55. Ne2 g5 56. Nc3 Kd7 57. Ne4 Bxa2 58. Nxg5 Kd6 59. Ne4+ Ke5 60. d6 Be6 61. Nc5 Kxd6 62. Nxb7+ Kd5 63. Nd8 Bg8 64. Kc3 Kc5 65. Nb7+ Kc6 66. Na5+ Kb5 67. Nb7 Kc6 68. Na5+ Kb5 69. Nb3 Bd5 70. Nd4+ Ka4 71. Kb2 Ba8 72. Ne6 Bxf3 73. Nxf4 Bc6 74. Ne2 Be8 75. Nc3+ Ka5 76. Kb3 Bc6 77. Kc4 Bf3 78. Kc5 Bh1 79. Kc4 Bc6 80. Kb3 Bf3 1/2-1/2

[Event "Buryatia-ch Superfinal 2nd"]
[Site "Ulan-Ude"]
[Date "2014.01.06"]
[Round "3"]
[White "Baljiev, Chingiz"]
[Black "Tunik, Sergey"]
[Result "0-1"]
[WhiteElo "2274"]
[BlackElo "2132"]
[PlyCount "72"]
[EventDate "2014.01.05"]
[EventType "swiss"]
[EventRounds "9"]
[EventCountry "RUS"]
[SourceTitle "EXT 2015"]
[Source "ChessBase"]
[SourceDate "2014.11.20"]
[SourceVersion "1"]
[SourceVersionDate "2014.11.20"]
[SourceQuality "1"]

1. d4 d5 2. c4 e6 3. Nf3 Nf6 4. g3 dxc4 5. Bg2 c5 6. 0-0 Nc6 7. Ne5 Bd7 8. Na3 cxd4 9. Naxc4 Bc5 10. Bf4 Nd5 11. Bxd5 exd5 12. Nxd7 Qxd7 13. Ne5 Qe7 14. Qa4 Rc8 15. Rac1 0-0 16. Nd3 Bb6 17. Rc2 Rfd8 18. b4 Qe8 19. Rfc1 f6 20. Qb5 g5 21. Bd2 Ne7 22. Qxe8+ Rxe8 23. Nc5 Nf5 24. Kf1 Nd6 25. Rb1 Nc4 26. Rb3 Bxc5 27. bxc5 Rxc5 28. Ke1 b6 29. Bb4 d3 30. Rxd3 Ne5 31. Rdc3 Nd3+ 32. Kd2 Nxb4 33. Rxc5 bxc5 34. Rxc5 Nxa2 35. Ra5 Nb4 36. Rxa7 Nc6 0-1

[Event "Ulan-Ude Buryatia-ch"]
[Site "Ulan-Ude"]
[Date "2013.08.28"]
[Round "8"]
[White "Badmatsyrenov, Oleg"]
[Black "Baljiev, Chingiz"]
[Result "1/2-1/2"]
[WhiteElo "2486"]
[BlackElo "2260"]
[PlyCount "43"]
[EventDate "2013.08.22"]
[EventType "swiss"]
[EventRounds "9"]
[EventCountry "RUS"]
[SourceTitle "CBM 156 Extra"]
[Source "ChessBase"]
[SourceDate "2013.10.22"]
[SourceVersion "1"]
[SourceVersionDate "2013.10.22"]
[SourceQuality "1"]

1. e4 c6 2. d4 d5 3. f3 dxe4 4. fxe4 e5 5. Nf3 exd4 6. Bc4 Nf6 7. 0-0 Be6 8. Bxe6 fxe6 9. e5 Ne4 10. Qd3 Qd5 11. Nbd2 Nxd2 12. Bxd2 Nd7 13. Bg5 Nc5 14. Qe2 d3 15. cxd3 Qxd3 16. Qe1 Ne4 17. Rd1 Bc5+ 18. Kh1 Qxf1+ 19. Qxf1 Nf2+ 20. Kg1 Nxd1+ 21. Kh1 Nf2+ 22. Kg1 1/2-1/2

[Event "Ulan-Ude Buryatia-ch"]
[Site "Ulan-Ude"]
[Date "2013.08.27"]
[Round "7"]
[White "Baljiev, Chingiz"]
[Black "Mitypov, Bair"]
[Result "1-0"]
[WhiteElo "2260"]
[BlackElo "2224"]
[PlyCount "115"]
[EventDate "2013.08.22"]
[EventType "swiss"]
[EventRounds "9"]
[EventCountry "RUS"]
[SourceTitle "CBM 156 Extra"]
[Source "ChessBase"]
[SourceDate "2013.10.22"]
[SourceVersion "1"]
[SourceVersionDate "2013.10.22"]
[SourceQuality "1"]

1. d4 Nf6 2. c4 e6 3. g3 c5 4. d5 exd5 5. cxd5 d6 6. Nc3 g6 7. Nf3 Bg7 8. Bg2 0-0 9. 0-0 Na6 10. h3 Rb8 11. e4 Ne8 12. Bf4 f6 13. a4 Nb4 14. Na2 Nxa2 15. Rxa2 Rf7 16. Be3 b6 17. Nd2 Nc7 18. Nc4 Na6 19. Bf4 Bf8 20. Bd2 Nb4 21. Ra1 Ba6 22. b3 Bg7 23. Re1 Bxc4 24. bxc4 Nd3 25. Re3 Ne5 26. Rc1 f5 27. f4 Nd7 28. Bc3 Bxc3 29. Rcxc3 fxe4 30. Rxe4 Nf8 31. Rce3 a6 32. Bf1 Rbb7 33. Qa1 Rbe7 34. Rxe7 Rxe7 35. Qf6 Re8 36. Qxd8 Rxd8 37. Re7 Rd7 38. Re8 Kf7 39. Rb8 Ke7 40. Rxb6 Ra7 41. a5 Nd7 42. Rb3 Nf6 43. Kg2 Kd7 44. Kf3 Kc7 45. Bd3 Rb7 46. Rxb7+ Kxb7 47. g4 Kc7 48. g5 Nd7 49. h4 Kd8 50. h5 Nf8 51. h6 Ke7 52. Bf1 Nd7 53. Bh3 Nb8 54. Ke4 Kf8 55. Be6 Ke7 56. f5 Kf8 57. fxg6 hxg6 58. Kf4 1-0

[Event "Ulan-Ude Buryatia-ch"]
[Site "Ulan-Ude"]
[Date "2013.08.22"]
[Round "1"]
[White "Lobanov, Kirill"]
[Black "Baljiev, Chingiz"]
[Result "0-1"]
[WhiteElo "1674"]
[BlackElo "2260"]
[PlyCount "72"]
[EventDate "2013.08.22"]
[EventType "swiss"]
[EventRounds "9"]
[EventCountry "RUS"]
[SourceTitle "CBM 156 Extra"]
[Source "ChessBase"]
[SourceDate "2013.10.22"]
[SourceVersion "1"]
[SourceVersionDate "2013.10.22"]
[SourceQuality "1"]

1. c4 g6 2. Nc3 Bg7 3. g3 e5 4. Bg2 Nf6 5. e4 h5 6. Nf3 Nc6 7. d3 d6 8. Bg5 Bg4 9. h3 Bxf3 10. Bxf3 Nd4 11. h4 Bh6 12. Bxh6 Rxh6 13. Nd5 Nxd5 14. cxd5 Kf8 15. Bg2 c6 16. dxc6 Qa5+ 17. Kf1 bxc6 18. Qe1 Qb5 19. Qd2 Kg7 20. a4 Qb6 21. a5 Qb5 22. Qc3 Rb8 23. Ra2 Qb3 24. Qxb3 Rxb3 25. Bh3 Rxd3 26. Kg2 Rd2 27. Bc8 Rh8 28. Bb7 f5 29. Rc1 fxe4 30. Re1 Rf8 31. Rf1 e3 32. Raa1 Rxb2 33. a6 Rfxf2+ 34. Rxf2 Rxf2+ 35. Kg1 Nf3+ 36. Kh1 Rh2# 0-1

[Event "Buryatia-ch"]
[Site "Ulan-Ude"]
[Date "2013.01.05"]
[Round "5"]
[White "Barlakov, Arsalan"]
[Black "Baljiev, Chingiz"]
[Result "1/2-1/2"]
[WhiteElo "2311"]
[BlackElo "2240"]
[PlyCount "118"]
[EventDate "2013.01.02"]
[EventType "swiss"]
[EventRounds "9"]
[EventCountry "RUS"]
[SourceTitle "CBM 152 Extra"]
[Source "ChessBase"]
[SourceDate "2013.02.25"]
[SourceVersion "1"]
[SourceVersionDate "2013.02.25"]
[SourceQuality "1"]

1. e4 e5 2. Nf3 Nf6 3. Nxe5 d6 4. Nf3 Nxe4 5. Nc3 Nxc3 6. dxc3 Be7 7. Bf4 0-0 8. Qd2 Nd7 9. 0-0-0 Re8 10. Bc4 Nc5 11. Rhe1 Be6 12. Bd5 Bxd5 13. Qxd5 Qc8 14. Be3 Qe6 15. Bxc5 Qxd5 16. Rxd5 dxc5 17. Rde5 Kf8 18. c4 Rad8 19. c3 Rd7 20. Kc2 Red8 21. R1e2 g6 22. g4 Bd6 23. R5e4 Re7 24. h4 Rxe4 25. Rxe4 f6 26. a3 Kf7 27. Re1 Bf4 28. Re4 Bd6 29. b4 h5 30. g5 a5 31. b5 a4 32. Re1 Bf4 33. Re4 Bd6 34. Re1 Rd7 35. Re4 b6 36. Kd3 f5 37. Re2 Bf4+ 38. Kc2 Re7 39. Rxe7+ Kxe7 40. Ne1 Ke6 41. Nd3 Bd6 42. Kd2 Kd7 43. Nb2 Bf4+ 44. Kd1 Kd6 45. Nxa4 Ke5 46. Nb2 Kd6 47. Nd3 Be5 48. Kd2 Ke6 49. a4 Kd6 50. Kc2 Bh2 51. Kd2 Be5 52. f4 Bg7 53. Ne1 Bf8 54. Ng2 Be7 55. Ne3 c6 56. Kc2 Kc7 57. bxc6 Kxc6 58. Nd5 Bd6 59. Kb3 Kb7 1/2-1/2

[Event "Buryatia-ch"]
[Site "Ulan-Ude"]
[Date "2013.01.03"]
[Round "2"]
[White "Baljiev, Chingiz"]
[Black "Shomoev, Anton"]
[Result "1/2-1/2"]
[WhiteElo "2240"]
[BlackElo "2567"]
[PlyCount "74"]
[EventDate "2013.01.02"]
[EventType "swiss"]
[EventRounds "9"]
[EventCountry "RUS"]
[SourceTitle "CBM 152 Extra"]
[Source "ChessBase"]
[SourceDate "2013.02.25"]
[SourceVersion "1"]
[SourceVersionDate "2013.02.25"]
[SourceQuality "1"]

1. d4 g6 2. c4 Bg7 3. g3 c5 4. d5 b5 5. cxb5 a6 6. bxa6 Nf6 7. Nc3 d6 8. Nf3 0-0 9. Bg2 Nxa6 10. 0-0 Bf5 11. Nh4 Bd7 12. h3 Qb6 13. Rb1 Rfb8 14. Bd2 Nc7 15. b3 Nb5 16. Nxb5 Qxb5 17. a4 Qa6 18. a5 Rb7 19. Re1 Rab8 20. Qc2 Ne8 21. e3 Bb5 22. Bf1 Bxf1 23. Rxf1 Nc7 24. b4 cxb4 25. Rxb4 Rxb4 26. Bxb4 Nxd5 27. Be1 Rb2 28. Qe4 e6 29. Nf3 Bc3 30. Nd4 Qxa5 31. Bxc3 Nxc3 32. Qc6 Qc5 33. Qe8+ Kg7 34. Nxe6+ fxe6 35. Qe7+ Kg8 36. Qe8+ Kg7 37. Qe7+ Kg8 1/2-1/2

[Event "Buryatia-ch"]
[Site "Ulan-Ude"]
[Date "2013.01.02"]
[Round "1"]
[White "Shagdurov, Denis"]
[Black "Baljiev, Chingiz"]
[Result "0-1"]
[WhiteElo "1928"]
[BlackElo "2240"]
[PlyCount "108"]
[EventDate "2013.01.02"]
[EventType "swiss"]
[EventRounds "9"]
[EventCountry "RUS"]
[SourceTitle "CBM 152 Extra"]
[Source "ChessBase"]
[SourceDate "2013.02.25"]
[SourceVersion "1"]
[SourceVersionDate "2013.02.25"]
[SourceQuality "1"]

1. e4 e5 2. Nf3 Nc6 3. Bc4 Bc5 4. d3 Nf6 5. 0-0 d6 6. c3 0-0 7. Re1 h6 8. Nbd2 Bb6 9. Nf1 Ne7 10. Nh4 Bg4 11. Nf3 Ng6 12. h3 Be6 13. Ng3 d5 14. exd5 Nxd5 15. d4 Nxc3 16. bxc3 Bxc4 17. Nxe5 Nxe5 18. Rxe5 Re8 19. Bf4 Rxe5 20. Bxe5 f6 21. Bf4 Qd7 22. Qh5 Bf7 23. Qf3 Qd5 24. Ne4 Re8 25. Re1 Re6 26. Re2 f5 27. Ng3 Qxf3 28. gxf3 Rxe2 29. Nxe2 Bxa2 30. Ng3 Be6 31. h4 c5 32. d5 Bxd5 33. Nxf5 Be6 34. Nd6 Bd5 35. Nc8 Bd8 36. Nxa7 Bxh4 37. Bd6 Bf6 38. Bxc5 Bxc3 39. Nb5 Be5 40. Kg2 g5 41. Be3 Kh7 42. Nd4 g4 43. Nf5 Bxf3+ 44. Kg1 h5 45. Nh4 Be4 46. Bg5 b5 47. Be7 Kg7 48. Ng2 Bxg2 49. Kxg2 Bc3 50. Kg3 Kg6 51. Kf4 b4 52. f3 b3 53. Ba3 Bb4 54. Bb2 Bd6+ 0-1

[Event "Ulan Ude Vakarin Memorial-A Rating"]
[Site "Ulan-Ude"]
[Date "2009.06.01"]
[Round "3"]
[White "Dondukov, Sengdorji"]
[Black "Baljiev, Chingiz"]
[Result "1-0"]
[WhiteElo "2280"]
[BlackElo "2256"]
[PlyCount "41"]
[EventDate "2009.06.01"]
[EventType "tourn"]
[EventRounds "8"]
[EventCountry "RUS"]
[SourceTitle "EXT 2022"]
[Source "ChessBase"]
[SourceDate "2021.10.06"]
[SourceVersion "1"]
[SourceVersionDate "2021.10.06"]
[SourceQuality "1"]

1. d4 Nf6 2. Nf3 e6 3. c4 b6 4. a3 Bb7 5. Nc3 g6 6. Qc2 Bxf3 7. gxf3 Bg7 8. e4 d6 9. Bg5 h6 10. Be3 e5 11. 0-0-0 Nh5 12. dxe5 Bxe5 13. Qd2 Nd7 14. f4 Bg7 15. Be2 Nc5 16. Kb1 Qh4 17. Qd5 0-0 18. Bxh5 Qxh5 19. Qxh5 gxh5 20. Rhg1 Kh7 21. Nd5 1-0

[Event "Buryatia-ch"]
[Site "Ulan-Ude"]
[Date "2006.12.09"]
[Round "8"]
[White "Tsybenov, Zorikto"]
[Black "Baljiev, Chingiz"]
[Result "0-1"]
[WhiteElo "2117"]
[BlackElo "2258"]
[PlyCount "74"]
[EventDate "2006.12.02"]
[EventType "swiss"]
[EventRounds "9"]
[EventCountry "RUS"]
[SourceTitle "EXT 2008"]
[Source "ChessBase"]
[SourceDate "2007.11.25"]
[SourceVersion "1"]
[SourceVersionDate "2007.11.25"]
[SourceQuality "1"]

1. d4 Nf6 2. c4 g6 3. Nc3 Bg7 4. e4 d6 5. Be2 0-0 6. Nf3 Nc6 7. 0-0 e5 8. d5 Ne7 9. b4 Nh5 10. c5 Nf4 11. Nd2 Nxe2+ 12. Qxe2 f5 13. f3 f4 14. Nc4 Rf6 15. Bd2 g5 16. cxd6 cxd6 17. Rac1 Rg6 18. g4 fxg3 19. hxg3 Bh3 20. Rf2 h5 21. Kh2 Qd7 22. a4 Rf8 23. Nb5 g4 24. f4 exf4 25. Bxf4 Rxf4 26. Rxf4 Bh6 27. Qf2 h4 28. Ncxd6 Rxd6 29. Rc7 Qd8 30. Rf7 hxg3+ 31. Qxg3 Kxf7 32. Nxd6+ Kg6 33. Rc2 Qh8 34. Rf2 Qd4 35. Nf7 Bg7 36. Qf4 Bf6 37. d6 Ng8 0-1

[Event "Buryatia-ch"]
[Site "Ulan-Ude"]
[Date "2006.12.02"]
[Round "1"]
[White "Irinchinov, Vladimir"]
[Black "Baljiev, Chingiz"]
[Result "1/2-1/2"]
[WhiteElo "1958"]
[BlackElo "2258"]
[PlyCount "63"]
[EventDate "2006.12.02"]
[EventType "swiss"]
[EventRounds "9"]
[EventCountry "RUS"]
[SourceTitle "EXT 2008"]
[Source "ChessBase"]
[SourceDate "2007.11.25"]
[SourceVersion "1"]
[SourceVersionDate "2007.11.25"]
[SourceQuality "1"]

1. e4 g6 2. d4 Bg7 3. Nf3 d6 4. Bd3 Nf6 5. 0-0 0-0 6. h3 Nc6 7. c3 e5 8. dxe5 dxe5 9. Qe2 Nh5 10. Bb5 Bd7 11. Rd1 Qe7 12. Bg5 f6 13. Be3 a6 14. Bc4+ Kh8 15. b4 Rfd8 16. Qc2 Nf4 17. Kh2 f5 18. Nbd2 a5 19. b5 Na7 20. a4 Nc8 21. Bf1 Nd6 22. g3 Ne6 23. Nc4 f4 24. Bc1 Nxc4 25. Bxc4 Qf6 26. Kg2 g5 27. g4 Nf8 28. Ba3 h5 29. gxh5 g4 30. hxg4 Bxg4 31. Rh1 Ne6 32. Nh4 1/2-1/2

[Event "Sibiria Region-ch"]
[Site "Novosibirsk"]
[Date "2003.??.??"]
[Round "9"]
[White "Baljiev, Chingiz"]
[Black "Kutuzov, Denis"]
[Result "1/2-1/2"]
[WhiteElo "2282"]
[BlackElo "2277"]
[PlyCount "130"]
[EventDate "2003.05.??"]
[EventType "swiss"]
[EventRounds "9"]
[EventCountry "RUS"]
[SourceTitle "EXT 2008"]
[Source "ChessBase"]
[SourceDate "2007.11.25"]
[SourceVersion "1"]
[SourceVersionDate "2007.11.25"]
[SourceQuality "1"]

1. c4 c6 2. Nf3 d5 3. g3 dxc4 4. Bg2 e6 5. 0-0 Nf6 6. a4 Na6 7. Qc2 Qd5 8. Na3 Bxa3 9. bxa3 0-0 10. Bb2 Qe4 11. Qd1 h5 12. Rc1 Rd8 13. Ne5 Qh7 14. Rxc4 Nd5 15. d3 f6 16. Be4 Qh6 17. Bc1 g5 18. Nf3 Qg7 19. d4 Nb6 20. Rc3 g4 21. Nh4 f5 22. Bc2 Rxd4 23. Rd3 Rxd3 24. Qxd3 Nd5 25. Bd2 Nc5 26. Qc4 b6 27. Qa2 Ba6 28. Re1 Qd4 29. Bb1 Bc4 30. Qc2 Ne4 31. Rf1 Bxe2 32. Qxc6 Kf7 33. Qd7+ Kf6 34. Bh6 Rg8 35. Bxe4 Bxf1 36. Bxf5 Qe5 37. Kxf1 exf5 38. Qc6+ Qe6 39. Qc2 Re8 40. Qd2 Kf7 41. Ng2 Qe4 42. Qb2 Qc4+ 43. Kg1 Qc3 44. Qb1 Kg6 45. Bf4 Re4 46. h3 Kf6 47. hxg4 Nxf4 48. gxf4 hxg4 49. Qd1 Qd4 50. Qc2 Qc5 51. Qd3 Qd4 52. Qg3 Re7 53. Qh4+ Ke6 54. Qh6+ Qf6 55. Qh2 Kf7 56. Ne3 Rc7 57. Qh1 Qc6 58. Qh8 g3 59. fxg3 Qc5 60. Qe5 Qxe5 61. fxe5 Ke6 62. a5 Kxe5 63. axb6 axb6 64. Nc4+ Ke4 65. Nd6+ Kf3 1/2-1/2

[Event "Sibiria Region-ch"]
[Site "Novosibirsk"]
[Date "2003.??.??"]
[Round "2"]
[White "Shomoev, Anton"]
[Black "Baljiev, Chingiz"]
[Result "1/2-1/2"]
[WhiteElo "2486"]
[BlackElo "2282"]
[PlyCount "82"]
[EventDate "2003.05.??"]
[EventType "swiss"]
[EventRounds "9"]
[EventCountry "RUS"]
[SourceTitle "EXT 2008"]
[Source "ChessBase"]
[SourceDate "2007.11.25"]
[SourceVersion "1"]
[SourceVersionDate "2007.11.25"]
[SourceQuality "1"]

1. e4 e5 2. Nf3 Nc6 3. Bb5 Nf6 4. 0-0 Nxe4 5. d4 Nd6 6. Bxc6 dxc6 7. dxe5 Nf5 8. Qxd8+ Kxd8 9. Nc3 Be7 10. Rd1+ Ke8 11. Bg5 Bxg5 12. Nxg5 Ke7 13. Rd3 h6 14. Nf3 h5 15. Ne2 Rd8 16. Rxd8 Kxd8 17. Nf4 h4 18. Rd1+ Ke7 19. Ng5 a5 20. a4 Ra6 21. Nd3 Rb6 22. Ne4 Nd4 23. Rd2 Bf5 24. Nec5 Bxd3 25. Nxd3 h3 26. f4 hxg2 27. Kxg2 c5 28. Nxc5 Rxb2 29. Nxb7 Nxc2 30. Kg3 Rb3+ 31. Kf2 Rxb7 32. Rxc2 Ke6 33. Rc5 Rb4 34. Kg3 Rxa4 35. Rxc7 Ra1 36. Ra7 f6 37. Kh4 fxe5 38. fxe5 Kxe5 39. Rxg7 Kf6 40. Rg2 Re1 41. Kh5 Re8 1/2-1/2

[Event "Gyor Matrai Nyar op"]
[Site "Gyor"]
[Date "1997.??.??"]
[Round "7"]
[White "Baljiev, Chingiz"]
[Black "Kun, Sandor"]
[Result "1-0"]
[WhiteElo "2230"]
[BlackElo "2205"]
[PlyCount "45"]
[EventDate "1997.??.??"]
[EventType "swiss"]
[EventRounds "9"]
[EventCountry "HUN"]
[SourceTitle "EXT 2001"]
[Source "ChessBase"]
[SourceDate "2000.11.22"]
[SourceVersion "1"]
[SourceVersionDate "2000.11.22"]
[SourceQuality "1"]

1. Nf3 Nf6 2. c4 g6 3. Nc3 Bg7 4. e4 d6 5. d4 0-0 6. Be2 e5 7. 0-0 Nc6 8. d5 Ne7 9. b4 Nh5 10. Re1 Nf4 11. Bf1 f5 12. Bxf4 exf4 13. e5 c6 14. Qb3 cxd5 15. cxd5 Bd7 16. Rad1 Rc8 17. exd6 Rxc3 18. dxe7 Qxe7 19. Rxe7 Rxb3 20. axb3 Rd8 21. Ne5 Bc8 22. d6 Bf8 23. Bc4+ 1-0

[Event "Gyor Matrai Nyar op"]
[Site "Gyor"]
[Date "1997.??.??"]
[Round "4"]
[White "Lazar, Andras"]
[Black "Baljiev, Chingiz"]
[Result "1/2-1/2"]
[WhiteElo "2135"]
[BlackElo "2230"]
[PlyCount "113"]
[EventDate "1997.??.??"]
[EventType "swiss"]
[EventRounds "9"]
[EventCountry "HUN"]
[SourceTitle "EXT 2001"]
[Source "ChessBase"]
[SourceDate "2000.11.22"]
[SourceVersion "1"]
[SourceVersionDate "2000.11.22"]
[SourceQuality "1"]

1. e4 d6 2. d4 Nf6 3. Nc3 e5 4. Nf3 Nbd7 5. Bc4 Be7 6. 0-0 0-0 7. Re1 c6 8. a4 b6 9. d5 cxd5 10. Nxd5 Nxd5 11. Bxd5 Rb8 12. b4 Nf6 13. Bc6 d5 14. Ba3 Nxe4 15. Qxd5 Qxd5 16. Bxd5 Nc3 17. Bb3 e4 18. Ne5 Bf6 19. Nc6 Rb7 20. b5 Re8 21. Rac1 a6 22. bxa6 Rc7 23. Nb4 Be7 24. Ra1 Rd8 25. Nc6 Rxc6 26. Bxe7 Rd7 27. Bb4 Bxa6 28. Bxc3 Rxc3 29. Rxe4 g6 30. Rae1 Kg7 31. Re7 Rcc7 32. Rxd7 Rxd7 33. f3 g5 34. h4 h6 35. Re5 Rd1+ 36. Kh2 Kf6 37. Rd5 Rxd5 38. Bxd5 gxh4 39. Kh3 Kg5 40. Bxf7 Bc8+ 41. Kh2 Bd7 42. Bb3 Kf4 43. c3 Ke3 44. Bc4 h3 45. Bb5 Bc8 46. gxh3 Kxf3 47. Be8 Ke3 48. Kg3 Kd3 49. h4 Kxc3 50. Kf4 Kd4 51. Bc6 Be6 52. Be8 Bh3 53. Bb5 Be6 54. Be8 Bc8 55. Bc6 Bh3 56. Be8 Be6 57. Bb5 1/2-1/2